| 000 | 00425nam a2200169Ia 4500 | ||
|---|---|---|---|
| 005 | 20250314135538.0 | ||
| 008 | 231217s9999 xx 000 0 und d | ||
| 020 | _a9788174466341 | ||
| 082 | _a658.8 KUL;1 R | ||
| 100 | _aKulkarni, Sameer A | ||
| 245 | 0 | _aText book of virtual marketing | |
| 250 | _a1st ed. | ||
| 260 |
_c2008 _bExcel Books _aNew Delhi |
||
| 300 | _a217 | ||
| 650 | _avirtual,marketing | ||
| 942 | _cAA | ||
| 999 |
_c181273 _d181273 |
||